000
00307nam a22001217a 4500
040
_c
HS
082
_a
570
100
_a
អេង លេង
245
_a
ស្ថិតិអាជីវកម្ម Statistique de l'exploitation
260
_a
RUA
_b
អេង លេង
_c
2000
300
_a
83p;
942
_c
KB
999
_c
9187
_d
9187